000 00693nam a2200289Ia 4500
005 20260324115505.0
008 008 260324s9999 xx 000 0 eng d
020 _a9781315161716
037 _aEBOOK
040 _aCRL
040 _beng
040 _cCRL
041 _2eng
041 _aeng
084 _qCRL
100 _aDavid J. Galton
_91154869
245 0 _aStanding on the Shoulders of Darwin and Mendel
245 0 _bEarly Views of Inheritance
260 _bTaylor and Francis
260 _c2017
365 _a
365 _b320
856 _uhttp://www.taylorfrancis.com/books/9781315161716
942 _cEBOOK
999 _c1745789
_d1745789